Prvé svetové fórum vo vidieckom cestovnom ruchu a agroturistike

Prvé svetové fórum vo vidieckom cestovnom ruchu a agroturistike bolo určené pre všetky štáty Stredoeurópskej iniciatívy (SEI). Ciele tohoto podujatia. Slovenská republika mala svojich zástupcov v teoretickej časti podujatia. Komisia EÚ venuje veľkú pozornosť ochrane životného prostredia v rámci rozv...

Full description

Saved in:
Bibliographic Details
Main Author: Turčeková, Melánia
Format: Book Chapter
Language:Slovak
Subjects:
Tags: Add Tag
No Tags, Be the first to tag this record!

MARC

LEADER 00000naa a2200000 4500
001 r041709
005 20230426124153.9
041 0 |a slo 
044 |a SK 
245 1 0 |a Prvé svetové fórum vo vidieckom cestovnom ruchu a agroturistike  |c Melánia Turčeková 
520 |a Prvé svetové fórum vo vidieckom cestovnom ruchu a agroturistike bolo určené pre všetky štáty Stredoeurópskej iniciatívy (SEI). Ciele tohoto podujatia. Slovenská republika mala svojich zástupcov v teoretickej časti podujatia. Komisia EÚ venuje veľkú pozornosť ochrane životného prostredia v rámci rozvoja vidieckeho cestovného trhu. 
610 2 0 |a ruch cestovný 
610 2 0 |a ruch cestovný vidiecky 
610 2 0 |a agroturistika 
610 2 0 |a Európa 
610 2 0 |a Slovensko 
100 1 |a Turčeková, Melánia